[Event "POR-chB"]
[Site "Vila Real"]
[Date "2005.08.08"]
[Round "6"]
[White "Carneiro, Carlos Alberto Carv"]
[Black "Araujo, Mario Augusto Reis"]
[Result "1-0"]
[WhiteElo "2234"]
[BlackElo "1957"]
[PlyCount "85"]
[EventDate "2005.08.03"]
[EventType "swiss"]
[EventRounds "9"]
[EventCountry "POR"]
[SourceTitle "CBM 107 Extra"]
[Source "ChessBase"]
[SourceDate "2005.09.01"]
[SourceVersion "1"]
[SourceVersionDate "2005.09.01"]
[SourceQuality "1"]

1. d4 d5 2. c4 e6 3. Nf3 Nf6 4. Nc3 Be7 5. Bf4 c6 6. e3 0-0 7. cxd5 exd5 8. Qc2 Re8 9. Bd3 Nbd7 10. 0-0 Nf8 11. Rab1 a5 12. a3 Bg4 13. Ne5 Bh5 14. b4 axb4 15. axb4 N6d7 16. Nxd7 Qxd7 17. Na4 Bd8 18. b5 Bg6 19. Nc5 Qc8 20. bxc6 bxc6 21. Bxg6 hxg6 22. Nb7 Re6 23. Nd6 Qa6 24. Qb2 Bc7 25. Ra1 Ba5 26. Nb7 Qb5 27. Qxb5 cxb5 28. Rxa5 Rxa5 29. Nxa5 Ra6 30. Ra1 Ne6 31. Nb3 Ra4 32. Kf1 Kf8 33. Bd6+ Ke8 34. Ke2 Kd7 35. Bc5 Kc6 36. Na5+ Kc7 37. Rxa4 bxa4 38. Kd2 f5 39. Kc3 f4 40. Kb4 g5 41. Kxa4 g4 42. Kb5 fxe3 43. fxe3 1-0

[Event "POR-chB"]
[Site "Vila Real"]
[Date "2005.08.06"]
[Round "4"]
[White "Martins, Manuel Jose Lopes"]
[Black "Araujo, Mario Augusto Reis"]
[Result "0-1"]
[WhiteElo "2133"]
[BlackElo "1957"]
[PlyCount "88"]
[EventDate "2005.08.03"]
[EventType "swiss"]
[EventRounds "9"]
[EventCountry "POR"]
[SourceTitle "CBM 107 Extra"]
[Source "ChessBase"]
[SourceDate "2005.09.01"]
[SourceVersion "1"]
[SourceVersionDate "2005.09.01"]
[SourceQuality "1"]

1. e4 c5 2. Nf3 d6 3. d4 cxd4 4. Nxd4 Nf6 5. Nc3 a6 6. Bg5 e6 7. f4 Nbd7 8. Qe2 Be7 9. 0-0-0 Qc7 10. g4 b5 11. a3 Bb7 12. Bg2 h6 13. Bh4 Rc8 14. Rhe1 Nb6 15. Bg3 Nc4 16. Rd3 Nd7 17. Nb3 Bf6 18. e5 dxe5 19. fxe5 Ndxe5 20. Kb1 Bxg2 21. Qxg2 Qc6 22. Qxc6+ Rxc6 23. Bxe5 Nxe5 24. Rg3 Nc4 25. Rd3 Nxa3+ 26. bxa3 Bxc3 27. Ree3 Bf6 28. Na5 Rb6 29. Rb3 0-0 30. c4 Rc8 31. Ka2 Kf8 32. Re1 Be7 33. Reb1 Ke8 34. R3b2 Rcb8 35. a4 b4 36. Rc2 Rc8 37. Nb3 Bc5 38. a5 Rb7 39. h3 Ke7 40. Re2 f6 41. Rbe1 e5 42. Rd1 Ke6 43. Rd5 Be7 44. Re4 Kf7 0-1